[Event "10th LCC FIDE Open 2018"]
[Site "London"]
[Date "2018.12.09"]
[Round "1"]
[White "Hunt, Harriet V"]
[Black "Harari, Zaki"]
[Result "1-0"]
[WhiteElo "2440"]
[BlackElo "2038"]
[Annotator "TA"]
[PlyCount "131"]
[EventDate "2018.12.09"]
[EventType "swiss"]
[EventCountry "ENG"]
[SourceTitle "playchess.com"]
[Source "ChessBase"]
[SourceQuality "1"]

{[%evp 12,131,22,-7,39,34,24,17,38,34,48,39,58,58,58,35,61,43,47,0,53,50,48,10,39,34,92,30,30,0,7,-75,-11,-28,36,15,12,18,48,35,44,49,50,43,45,63,99,98,99,54,69,36,36,29,52,44,58,42,58,30,30,23,27,23,47,13,43,38,35,23,45,48,60,34,53,46,140,145,181,196,388,400,445,444,452,277,266,275,518,520,497,400,390,382,383,374,431,425,555,541,550,560,623,630,679,659,659,535,643,620,732,724,717,696,665,644,976,976,973,962,849,775]} 1. e4 e5 2. Nf3 Nc6 3. Bb5 a6 4. Ba4 d6 5. c3 f5 6. d3 Nf6 7. Qe2 b5 $146 {C74: Ruy Lopez: Deferred Steinitz: 5 c3 f5} ({Predecessor:} 7... Be7 8. Bg5 O-O 9. Nbd2 {½-½ (9) Skawinski,A (2432)-Losonczi,M (2242) Krakow 2018}) 8. Bb3 Na5 9. Bc2 fxe4 {The position is equal.} 10. dxe4 Be7 11. Nbd2 {[%cal Bb1d2,Bd2f1,Bf1e3,Be3f5][%mdl 32]} c5 12. Nf1 O-O 13. Ne3 Kh8 14. Nf5 Be6 15. b3 Ra7 ({Black should play} 15... Nc6 $11) 16. Ng5 Bg8 17. Be3 Rd7 18. O-O h6 {[#]} (18... Nc6 $14) 19. Nf3 (19. f4 $1 $16) 19... Bh7 $11 20. N3h4 Nc6 {[%cal Ba5c6,Bc6b4,Bb4c2][%mdl 32]} 21. Qf3 (21. Nxe7 $11 {keeps the balance.} Nxe7 22. Bc1) 21... b4 (21... d5 $17 22. Qh3 (22. Qg3 g5 $17) 22... Nxe4 23. Nxe7 Nxe7 24. Bxe4 dxe4 25. Bxc5 Rd5) 22. Qg3 {[%csl Gf5][%cal Rg3g7]} (22. Qh3 $5 {[%cal Re3h6]}) 22... Ne8 ({Black should try} 22... g5 $11 23. c4 Nd4 24. Bxd4 cxd4) 23. Ng6+ $14 Bxg6 $1 24. Qxg6 Bg5 25. cxb4 Nxb4 26. Bd1 Qf6 27. Bh5 Qxg6 28. Bxg6 Nc2 29. Rad1 {Strongly threatening Bxc5!} Nd4 30. Bxg5 hxg5 31. Rfe1 Nc7 32. Ne3 Rf6 33. Bh5 g6 34. Bg4 Rdf7 35. f3 Rf8 36. Nc4 Rb8 37. Rd2 Kg7 38. Kf2 Kf8 39. Rh1 Ke7 40. h4 gxh4 41. Rxh4 Rf7 42. Rh6 Rg7 43. Ke3 $36 {[%mdl 2048] White has some pressure.} Rb5 ({Better is} 43... Rf8 $14) 44. Rh8 $16 Rb7 45. g3 g5 $2 (45... a5 {was necessary.} 46. Nxa5 Ra7) 46. Rdh2 $18 Ne8 47. R2h7 Rc7 48. Rxg7+ Nxg7 49. Ra8 Rc6 $2 (49... Nge6 {was called for.} 50. Rxa6 Nc6) 50. Ra7+ Kf6 51. Bd7 Nb5 52. Rb7 ({Weaker is} 52. Bxc6 Nxa7 53. Bb7 Ke7 $16) 52... Rc7 {[#]} 53. Nxd6 $1 {[%mdl 512]} Ke7 (53... Nxd6 54. Rxc7) 54. Bxb5 {White is clearly winning.} Kxd6 {[%mdl 4096] Endgame KRB-KRN} 55. Rb6+ Ke7 56. Bc4 a5 57. Rg6 Kd8 58. Rxg5 Re7 59. a4 Kc7 60. Rg6 Ne8 61. Ra6 Nd6 62. Ra7+ Kd8 63. Rxa5 Nxc4+ 64. bxc4 Rc7 65. f4 Ke7 66. Rb5 {Accuracy: White = 52%, Black = 35%.} 1-0

[Event "10th LCC FIDE Open 2018"]
[Site "London"]
[Date "2018.12.09"]
[Round "1"]
[White "Hebden, Mark L"]
[Black "Skinner, Nicholas H"]
[Result "1-0"]
[WhiteElo "2425"]
[BlackElo "2028"]
[Annotator "TA"]
[PlyCount "71"]
[EventDate "2018.12.09"]
[EventType "swiss"]
[EventCountry "ENG"]
[SourceTitle "playchess.com"]
[Source "ChessBase"]
[SourceQuality "1"]

{[%evp 16,71,14,15,22,14,18,6,10,-14,-4,-7,0,-18,-5,0,0,0,-9,-16,0,-6,0,-6,0,-29,0,0,0,0,0,0,0,0,0,0,13,-12,54,52,69,67,97,87,110,110,337,360,316,129,728,719,1237,1228,29994,29995,29996,29997]} 1. d4 d5 2. c4 e6 3. cxd5 exd5 4. Nc3 c6 5. Bf4 Bd6 6. Bxd6 Qxd6 7. e3 Nf6 8. Bd3 O-O {D31: Queen's Gambit Declined: Semi-Slav without ...Nf6 (+ Marshall Gambit and Noteboom) and Exchange Variation lines without ...Nf6} (8... g6 9. Nge2 Nbd7 10. Qd2 Nb6 11. f3 Be6 12. e4 Qe7 13. O-O O-O 14. Qg5 Rae8 15. e5 Nh5 16. Qxe7 Rxe7 {½-½ (40) Jobava,B (2713)-Harika,D (2531) Malmo 2017}) 9. Nge2 {LiveBook: 3 Games} Re8 10. Qc2 Nbd7 {The position is equal.} 11. Ng3 Nf8 12. O-O-O $146 ({Predecessor:} 12. O-O g6 13. Rab1 Ne6 14. b4 Bd7 15. Rfc1 Rac8 16. a4 Kg7 17. a5 h5 18. Na4 h4 {½-½ (18) Benigni,D (2102)-Bosco,R (2169) Buenos Aires 2000}) 12... b5 13. Kb1 a5 14. Rhe1 Bd7 15. f3 Ng6 16. Bxg6 hxg6 17. e4 dxe4 18. fxe4 Qf4 19. e5 {And now Rf1 would win.} Nd5 20. Rf1 Nxc3+ 21. Qxc3 Qh6 22. Qf3 $36 {[%mdl 2048] White has the initiative.} Rf8 23. Ka1 Qh4 24. Qe3 Be6 ({Wrong is} 24... Qxh2 $2 25. Rh1 $18) 25. Ne4 b4 ({But not} 25... Qxh2 $2 26. Rh1 $18) 26. Rf4 Qh5 (26... Qxh2 27. Qc1 $18) (26... Qd8 $11) 27. Rdf1 $14 a4 28. h4 b3 {[#]} 29. a3 $1 Bc4 30. g4 {[%cal Bg2g4,Bg4g5][%mdl 32]} Qxh4 $2 {[#]} (30... Qh6 $16 {was necessary.}) 31. g5 $1 $18 Qh5 32. Rg1 (32. Rc1 $18 {is the precise move to win.}) 32... Bd5 $2 {[%mdl 8192]} (32... Qh2 $16) 33. Qe1 Qh2 34. Rh4 Qc2 35. Rgh1 {[%csl Gh1][%cal Rh4h8]} f5 {[#]} 36. e6 $1 {[%mdl 512] Accuracy: White = 68%, Black = 31%.} 1-0

[Event "10th LCC FIDE Open 2018"]
[Site "London"]
[Date "2018.12.09"]
[Round "1"]
[White "Wells, Peter K"]
[Black "Wilks, Simon"]
[Result "1-0"]
[WhiteElo "2412"]
[BlackElo "2019"]
[Annotator "TA"]
[PlyCount "85"]
[EventDate "2018.12.09"]
[EventType "swiss"]
[EventCountry "ENG"]
[SourceTitle "playchess.com"]
[Source "ChessBase"]
[SourceQuality "1"]

{[%evp 12,85,21,18,50,42,75,55,80,74,81,81,77,70,102,68,70,82,79,74,98,91,104,78,82,82,82,82,82,82,82,58,80,75,75,75,81,67,73,61,71,54,119,106,113,113,275,281,448,294,447,435,1658,1545,1229,436,489,431,516,510,443,400,437,427,709,695,803,768,766,701,6183,6170,5085,5085,5085,2565]} 1. Nf3 e6 2. c4 Nf6 3. g3 d5 4. d4 Bb4+ 5. Bd2 Bxd2+ 6. Qxd2 Qe7 {E11: Bogo-Indian} 7. Bg2 {LiveBook: 43 Games} Ne4 (7... O-O 8. O-O Rd8 9. Na3 c6 10. Rac1 Nbd7 11. Rfd1 a5 12. Ne5 Nf8 13. Nb1 Ne8 14. Qc2 f6 15. Nf3 Nd6 16. Nbd2 {½-½ (30) Krasenkow,M (2671)-Korobov,A (2652) Wijk aan Zee 2018}) 8. Qc2 Qb4+ {White is slightly better.} 9. Nfd2 (9. Nbd2 {is more complex.} f5 10. O-O O-O 11. e3 Nd7 12. Rfc1) 9... Nxd2 10. Nxd2 {[%cal Bb1d2,Bd2b3,Bb3c5][%mdl 32]} Nc6 11. e3 Qd6 $146 ({Predecessor:} 11... dxc4 12. a3 Qb5 13. Nxc4 Bd7 {½-½ (42) Korniushin,N (2348)-Kurbedinov,R (2327) Kolomna 2016}) 12. O-O O-O 13. Rfc1 Rd8 14. a3 a5 15. Nb3 Rd7 16. Nc5 Rd8 17. h4 Ne7 18. b4 axb4 19. axb4 Rxa1 20. Rxa1 c6 21. Ra8 b6 22. Nd3 dxc4 23. Qxc4 Bb7 24. Rxd8+ (24. Ra7 {with more complications.} Qb8 25. Ra1 Nd5 26. Ne5 Qc7 27. Bf3) 24... Qxd8 25. Ne5 {[%cal Rg2c6]} Qc8 26. Qa2 g6 ({Black should play} 26... Qc7 $14) 27. b5 {And now Qa3 would win.} cxb5 {[#]} 28. Qa7 $1 Bxg2 $2 (28... Nd5 $16 {might work better.}) 29. Qxe7 $18 Bd5 (29... Qb7 {was necessary.} 30. Nd7 Qa8) 30. Qxf7+ Kh8 {( -> ...Qc1+)} 31. Kh2 ({Less strong is} 31. Qf6+ Kg8 $18) 31... b4 (31... Qd8 $142 32. e4 Bc4) 32. Qe7 {[#] Intending Nf7+ and mate.} Qg8 33. Qxb4 (33. Nf7+ $142 Kg7 34. Nd6+ Kh8 35. Ne8) 33... Qg7 34. Qxb6 Qf6 35. Qb8+ Kg7 36. Qc7+ Kg8 37. Qc2 {White is clearly winning.} g5 (37... Bb3 $142 38. Qe2 Qf8) 38. hxg5 Qd8 39. e4 Bb7 40. Qc4 Bxe4 41. Qxe6+ Kg7 42. Qf7+ Kh8 43. Qf6+ {Accuracy: White = 82%, Black = 38%.} 1-0

[Event "10th LCC FIDE Open 2018"]
[Site "London"]
[Date "2018.12.09"]
[Round "1"]
[White "Piesik, Piotr"]
[Black "Yoon, Jacob D"]
[Result "1-0"]
[WhiteElo "2404"]
[BlackElo "2009"]
[Annotator "ChessBase"]
[PlyCount "97"]
[EventDate "2018.12.09"]
[EventType "swiss"]
[EventCountry "ENG"]
[SourceTitle "playchess.com"]
[Source "ChessBase"]
[SourceQuality "1"]
[TimeControl "40/5400+30:1800+30"]

1. d4 {[%emt 0:00:00]} e6 {[%emt 0:00:00]} 2. g3 {[%emt 0:00:28]} c5 {[%emt 0:00:56]} 3. Nf3 {[%emt 0:01:09]} b6 {[%emt 0:02:12]} 4. Bg2 {[%emt 0:10:03]} Bb7 {[%emt 0:02:05]} 5. O-O {[%emt 0:00:52]} cxd4 {[%emt 0:01:55]} 6. Qxd4 {[%emt 0:00:47]} Nf6 {[%emt 0:01:26]} 7. c4 {[%emt 0:03:05]} Be7 {[%emt 0:02:10]} 8. Nc3 {[%emt 0:04:31]} O-O {[%emt 0:01:32]} 9. e4 {[%emt 0:06:29]} d6 {[%emt 0:00:43]} 10. Rd1 {[%emt 0:08:05]} a6 {[%emt 0:01:30]} 11. b3 {[%emt 0:07:43]} Nbd7 {[%emt 0:01:52]} 12. Bb2 {[%emt 0:00:51]} Qc7 {[%emt 0:02:23]} 13. Qe3 {[%emt 0:06:24]} Rfd8 {[%emt 0:12:54]} 14. Rac1 {[%emt 0:01:05]} Rac8 {[%emt 0:02:47]} 15. Nd4 {[%emt 0:03:12]} Bf8 {[%emt 0:01:27]} 16. Qe2 {[%emt 0:04:59]} Qb8 {[%emt 0:01:06]} 17. Re1 {[%emt 0:09:19]} Qa8 {[%emt 0:05:02]} 18. g4 {[%emt 0:08:46]} Nc5 {[%emt 0:03:56]} 19. g5 {[%emt 0:01:02]} Ne8 {[%emt 0:00:24]} 20. h4 {[%emt 0:01:45]} g6 {[%emt 0:03:44]} 21. Qe3 {[%emt 0:02:02]} Ng7 {[%emt 0:09:51]} 22. Rcd1 {[%emt 0:01:18]} Re8 {[%emt 0:02:45]} 23. Qf3 {[%emt 0:08:29]} Rcd8 {[%emt 0:06:45]} 24. Nc2 {[%emt 0:00:41]} Nd7 {[%emt 0:12:40]} 25. Ne3 {[%emt 0:00:18]} Ne5 {[%emt 0:00:04]} 26. Qh3 {[%emt 0:02:23]} Nh5 {[%emt 0:03:03]} 27. Qh2 {[%emt 0:00:04]} f5 {[%emt 0:03:30]} 28. gxf6 {[%emt 0:01:22]} Nxf6 {[%emt 0:01:08]} 29. f4 {[%emt 0:00:19]} Neg4 {[%emt 0:01:20]} 30. Nxg4 {[%emt 0:00:06]} Nxg4 {[%emt 0:00:06]} 31. Qg3 {[%emt 0:00:04]} Nf6 {[%emt 0:02:23]} 32. Bf3 {[%emt 0:05:06]} Bg7 {[%emt 0:02:37]} 33. h5 {[%emt 0:00:13]} gxh5 {[%emt 0:02:45]} 34. Nd5 {[%emt 0:00:19]} exd5 {[%emt 0:00:06]} 35. Bxf6 {[%emt 0:00:05]} Rd7 {[%emt 0:00:03]} 36. exd5 {[%emt 0:00:46]} Kh8 {[%emt 0:00:39]} 37. Bg5 {[%emt 0:01:16]} h6 {[%emt 0:05:27]} 38. Qh3 {[%emt 0:00:45]} Rf7 {[%emt 0:02:22]} 39. Qxh5 {[%emt 0:00:21]} Rxe1+ {[%emt 0:00:05]} 40. Rxe1 {[%emt 0:00:03]} Qf8 {[%emt 0:00:08]} 41. Bg4 {[%emt 0:04:39]} b5 {[%emt 0:04:04]} 42. Be6 {[%emt 0:02:08]} Rxf4 {[%emt 0:00:38]} 43. Bxf4 {[%emt 0:00:09]} Qxf4 {[%emt 0:00:05]} 44. Qe8+ {[%emt 0:04:29]} Bf8 {[%emt 0:00:19]} 45. Qf7 {[%emt 0:00:59]} Qg3+ {[%emt 0:00:31]} 46. Kf1 {[%emt 0:00:04]} Qd3+ {[%emt 0:00:05]} 47. Re2 {[%emt 0:00:13]} Qd1+ {[%emt 0:00:06]} 48. Kf2 {[%emt 0:00:05]} Qd4+ {[%emt 0:00:04]} 49. Kg2 {[%emt 0:00:09]} 1-0

[Event "10th LCC FIDE Open 2018"]
[Site "London"]
[Date "2018.12.09"]
[Round "1"]
[White "Eggleston, David J"]
[Black "Ditmas, Hugh"]
[Result "1-0"]
[WhiteElo "2397"]
[BlackElo "1978"]
[Annotator "NA"]
[PlyCount "89"]
[EventDate "2018.12.09"]
[EventType "swiss"]
[EventCountry "ENG"]
[SourceTitle "playchess.com"]
[Source "ChessBase"]
[SourceQuality "1"]
[TimeControl "40/5400+30:1800+30"]

1. e4 {[%emt 0:00:00]} c5 {[%emt 0:00:00]} 2. Nf3 {[%emt 0:00:00]} Nc6 {[%emt 0:00:02]} 3. d4 {[%emt 0:00:00]} cxd4 {[%emt 0:00:10]} 4. Nxd4 {[%emt 0:00:00]} Nf6 {[%emt 0:00:07]} 5. Nc3 {[%emt 0:00:00]} e5 {[%emt 0:00:09]} 6. Ndb5 {[%emt 0:00:00]} d6 {[%emt 0:00:08]} 7. Bg5 {[%emt 0:00:01]} a6 {[%emt 0:00:24]} 8. Na3 {[%emt 0:00:05]} b5 {[%emt 0:00:08]} 9. Nd5 {[%emt 0:00:09]} Be7 {[%emt 0:00:15]} 10. Bxf6 {[%emt 0:00:05]} Bxf6 {[%emt 0:00:07]} 11. c3 {[%emt 0:00:07]} Bg5 {[%emt 0:00:23]} 12. Nc2 {[%emt 0:00:09]} Rb8 {[%emt 0:00:05]} 13. a4 {[%emt 0:03:31]} bxa4 {[%emt 0:00:26] B33: Sicilian: Pelikan and Sveshnikov Variations} 14. Ncb4 {[%emt 0:00:06]} Nxb4 {[%emt 0:00:45]} 15. cxb4 {[%emt 0:00:15]} Bd7 {[%emt 0:03:02]} 16. Rxa4 {[%emt 0:13:43]} (16. Bxa6 O-O 17. O-O Qe8 18. b3 axb3 19. Qxb3 Bd8 20. Bc4 Kh8 21. Ra2 {½-½ (30) Karjakin,S (2773)-Dubov,D (2666) Tbilisi 2017}) 16... a5 $146 {[%emt 0:28:13]} ({Predecessor:} 16... Bxa4 17. Qxa4+ Qd7 18. Qxd7+ Kxd7 19. Bxa6 Bd8 20. Ke2 Rb6 21. Ra1 {1-0 (33) Alsina Leal,D (2517)-Prats Rodriguez,J (2101) Barcelona 2008}) 17. h4 {[%emt 0:10:15]} Bh6 {[%emt 0:01:30]} 18. Rxa5 {[%emt 0:25:32]} Rxb4 {[%emt 0:02:45]} 19. Nxb4 {[%emt 0:00:05]} Qxa5 {[%emt 0:01:37]} 20. Qxd6 {[%emt 0:07:56]} Qa1+ {[%emt 0:00:49]} 21. Qd1 {[%emt 0:00:29]} Qxb2 {[%emt 0:04:24]} 22. Nd5 {[%emt 0:00:30]} O-O {[%emt 0:04:32]} 23. Be2 {[%emt 0:10:40]} Bb5 {[%emt 0:05:25]} 24. Bxb5 {[%emt 0:10:18]} Qxb5 {[%emt 0:00:30]} 25. Rh3 {[%emt 0:00:08]} Rb8 {[%emt 0:16:15]} 26. Rd3 {[%emt 0:02:27]} g6 {[%emt 0:02:51]} 27. g3 {[%emt 0:06:10]} Bf8 {[%emt 0:14:16]} 28. Kf1 {[%emt 0:00:43]} Qc4 {[%emt 0:05:15]} 29. Kg1 {[%emt 0:02:36]} Kg7 {[%emt 0:00:56]} 30. Re3 {[%emt 0:04:16]} (30. Qf3 $11) 30... Bc5 $1 {[%emt 0:02:27]} 31. Re2 $2 {[%emt 0:01:11] [#]} (31. Rc3 $17 Qxe4 32. Rxc5) 31... Bd4 $2 {[%emt 0:01:21]} (31... Rb1 $1 $19 {[%cal Rb1d1][%mdl 512]} 32. Qxb1 Qxe2) 32. Qc2 {[%emt 0:01:22]} Qa6 {[%emt 0:01:43]} 33. Rd2 {[%emt 0:02:13]} Qa5 {[%emt 0:02:39]} 34. Qd3 {[%emt 0:01:14]} Rb1+ {[%emt 0:00:35]} 35. Kh2 {[%emt 0:00:09]} Qa1 {[%emt 0:00:31]} 36. Qf3 {[%emt 0:00:04]} Qa6 {[%emt 0:00:59]} 37. Rc2 {[%emt 0:00:10]} Rb2 {[%emt 0:00:51]} 38. Rxb2 {[%emt 0:00:45]} Bxb2 {[%emt 0:00:01]} 39. h5 {[%emt 0:00:20]} Bc1 {[%emt 0:00:48]} 40. Qc3 {[%emt 0:00:23]} Qf1 $2 {[%emt 0:01:26]} (40... Bg5 41. Qxe5+ Kh6 42. hxg6 fxg6) 41. Qxe5+ {[%emt 0:31:14]} Kh6 {[%emt 0:31:08]} 42. Qf6 {[%emt 0:00:00]} Qe2 {[%emt 0:00:00]} 43. Qxf7 {[%emt 0:00:00]} Qxh5+ {[%emt 0:00:00]} (43... Bg5 $18 44. hxg6 Qh5+ 45. Kg2 Qxg6 46. Qf8+ Qg7) 44. Kg2 {[%emt 0:00:00]} Qe5 {[%emt 0:00:00]} 45. Nf6 {[%emt 0:00:00]} 1-0

[Event "10th LCC FIDE Open 2018"]
[Site "London"]
[Date "2018.12.09"]
[Round "1"]
[White "Lewtak, Damian"]
[Black "Rice, Chris B"]
[Result "1-0"]
[WhiteElo "2393"]
[BlackElo "1963"]
[Annotator "ChessBase"]
[PlyCount "57"]
[EventDate "2018.12.09"]
[EventType "swiss"]
[EventCountry "ENG"]
[SourceTitle "playchess.com"]
[Source "ChessBase"]
[SourceQuality "1"]
[TimeControl "40/5400+30:1800+30"]

1. d4 {[%emt 0:00:00]} Nf6 {[%emt 0:00:00]} 2. Bf4 {[%emt 0:00:30]} b6 {[%emt 0:00:30]} 3. f3 {[%emt 0:00:30]} Ba6 {[%emt 0:00:30]} 4. e4 {[%emt 0:00:30]} Bxf1 {[%emt 0:00:30]} 5. Kxf1 {[%emt 0:00:30]} e6 {[%emt 0:00:30]} 6. Ne2 {[%emt 0:00:30]} d5 {[%emt 0:00:30]} 7. e5 {[%emt 0:00:30]} Nfd7 {[%emt 0:00:30]} 8. c4 {[%emt 0:00:30]} dxc4 {[%emt 0:00:30]} 9. Qa4 {[%emt 0:00:30]} c5 {[%emt 0:00:30]} 10. Qxc4 {[%emt 0:00:30]} Nc6 {[%emt 0:00:30]} 11. Nbc3 {[%emt 0:00:30]} Nxd4 {[%emt 0:00:30]} 12. Nxd4 {[%emt 0:00:30]} cxd4 {[%emt 0:00:30]} 13. Qxd4 {[%emt 0:00:30]} Bc5 {[%emt 0:00:30]} 14. Qa4 {[%emt 0:00:30]} O-O {[%emt 0:00:30]} 15. Rd1 {[%emt 0:00:30]} Qh4 {[%emt 0:00:30]} 16. Bg3 {[%emt 0:00:30]} Qxa4 {[%emt 0:00:30]} 17. Nxa4 {[%emt 0:00:30]} Rfd8 {[%emt 0:00:30]} 18. Ke2 {[%emt 0:00:30]} Be7 {[%emt 0:00:30]} 19. Rd3 {[%emt 0:00:30]} Kf8 {[%emt 0:00:30]} 20. Rhd1 {[%emt 0:00:30]} Ke8 {[%emt 0:00:30]} 21. Nc3 {[%emt 0:00:30]} Rac8 {[%emt 0:00:30]} 22. Nb5 {[%emt 0:00:30]} Rc5 {[%emt 0:00:30]} 23. Nd6+ {[%emt 0:00:30]} Bxd6 {[%emt 0:00:30]} 24. Rxd6 {[%emt 0:00:30]} Rc2+ {[%emt 0:00:30]} 25. Kf1 {[%emt 0:00:30]} Ke7 {[%emt 0:00:30]} 26. f4 {[%emt 0:00:30]} f6 {[%emt 0:00:30]} 27. f5 {[%emt 0:00:30]} Rcc8 {[%emt 0:00:30]} 28. Rxe6+ {[%emt 0:00:30]} Kf7 {[%emt 0:00:30]} 29. Red6 {[%emt 0:00:30]} 1-0

[Event "10th LCC FIDE Open 2018"]
[Site "London"]
[Date "2018.12.09"]
[Round "1"]
[White "Lacasa Diaz, Jose Antonio"]
[Black "Nelson, Omowale"]
[Result "1-0"]
[WhiteElo "2389"]
[BlackElo "1956"]
[Annotator "ChessBase"]
[PlyCount "71"]
[EventDate "2018.12.09"]
[EventType "swiss"]
[EventCountry "ENG"]
[SourceTitle "playchess.com"]
[Source "ChessBase"]
[SourceQuality "1"]
[TimeControl "40/5400+30:1800+30"]

1. d4 {[%emt 0:00:00]} d5 {[%emt 0:00:00]} 2. Bf4 {[%emt 0:00:00]} Nf6 {[%emt 0:00:00]} 3. e3 {[%emt 0:00:03]} Bf5 {[%emt 0:00:07]} 4. c4 {[%emt 0:00:28]} c6 {[%emt 0:01:02]} 5. Nc3 {[%emt 0:02:10]} e6 {[%emt 0:00:27]} 6. Qb3 {[%emt 0:00:20]} Qb6 {[%emt 0:00:47]} 7. c5 {[%emt 0:00:22]} Qxb3 {[%emt 0:00:40]} 8. axb3 {[%emt 0:00:08]} Nbd7 {[%emt 0:00:37]} 9. h3 {[%emt 0:01:25]} a6 {[%emt 0:01:09]} 10. b4 {[%emt 0:00:19]} Rc8 {[%emt 0:00:52]} 11. Nf3 {[%emt 0:00:34]} h6 {[%emt 0:00:22]} 12. Nd2 {[%emt 0:00:42]} Be7 {[%emt 0:06:04]} 13. Nb3 {[%emt 0:01:10]} Bd8 {[%emt 0:02:07]} 14. Bd6 {[%emt 0:01:53]} Bc7 {[%emt 0:04:42]} 15. Bxc7 {[%emt 0:02:03]} Rxc7 {[%emt 0:00:15]} 16. b5 {[%emt 0:00:07]} O-O {[%emt 0:15:32]} 17. b6 {[%emt 0:03:03]} Rcc8 {[%emt 0:09:29]} 18. Na5 {[%emt 0:00:13]} Rb8 {[%emt 0:01:15]} 19. Bxa6 {[%emt 0:00:37]} bxa6 {[%emt 0:04:13]} 20. Nxc6 {[%emt 0:00:12]} Bd3 {[%emt 0:12:48]} 21. Kd2 {[%emt 0:05:26]} Bc4 {[%emt 0:06:11]} 22. Nxb8 {[%emt 0:01:58]} Nxb8 {[%emt 0:02:19]} 23. Kc2 {[%emt 0:20:24]} Ne4 {[%emt 0:07:43]} 24. b3 {[%emt 0:01:47]} Nxc3 {[%emt 0:02:20]} 25. bxc4 {[%emt 0:00:44]} Ne4 {[%emt 0:00:09]} 26. cxd5 {[%emt 0:01:22]} exd5 {[%emt 0:00:51]} 27. f3 {[%emt 0:05:01]} Ng3 {[%emt 0:02:11]} 28. Rhb1 {[%emt 0:01:54]} Nf5 {[%emt 0:01:19]} 29. Kd3 {[%emt 0:00:25]} Ne7 {[%emt 0:06:17]} 30. b7 {[%emt 0:05:22]} Kh7 {[%emt 0:02:02]} 31. Rb6 {[%emt 0:03:24]} Nec6 {[%emt 0:04:27]} 32. Kd2 {[%emt 0:15:18]} a5 {[%emt 0:00:44]} 33. Rab1 {[%emt 0:03:55]} Rd8 {[%emt 0:03:14]} 34. Rxc6 {[%emt 0:04:53]} Nxc6 {[%emt 0:00:30]} 35. Rb6 {[%emt 0:00:06]} Nb8 {[%emt 0:01:13]} 36. c6 {[%emt 0:00:12]} 1-0

[Event "10th LCC FIDE Open 2018"]
[Site "London"]
[Date "2018.12.09"]
[Round "1"]
[White "Milliet, Sophie"]
[Black "Newton, Andrew"]
[Result "1-0"]
[WhiteElo "2376"]
[BlackElo "1948"]
[Annotator "NA"]
[PlyCount "37"]
[EventDate "2018.12.09"]
[EventType "swiss"]
[EventCountry "ENG"]
[SourceTitle "playchess.com"]
[Source "ChessBase"]
[SourceQuality "1"]
[TimeControl "40/5400+30:1800+30"]

1. e4 {[%emt 0:00:00]} c5 {[%emt 0:00:00]} 2. Nc3 {[%emt 0:00:00]} d6 {[%emt 0:00:04]} 3. f4 {[%emt 0:00:00]} g6 {[%emt 0:00:35]} 4. Nf3 {[%emt 0:00:17]} Bg7 {[%emt 0:00:42]} 5. Bb5+ {[%emt 0:00:56]} Bd7 {[%emt 0:02:54]} 6. Bc4 {[%emt 0:03:22]} Nf6 {[%emt 0:04:14]} 7. e5 {[%emt 0:09:21]} Nh5 {[%emt 0:07:10]} 8. O-O {[%emt 0:08:59]} O-O {[%emt 0:07:03]} 9. Ng5 {[%emt 0:17:19]} dxe5 {[%emt 0:17:25]} 10. fxe5 {[%emt 0:00:16]} e6 {[%emt 0:01:01]} 11. Nf3 {[%emt 0:00:32]} Bc6 {[%emt 0:01:59]} 12. d3 {[%emt 0:11:42]} Bxe5 {[%emt 0:03:23]} 13. Nxe5 {[%emt 0:01:01]} Qd4+ {[%emt 0:00:05]} 14. Kh1 {[%emt 0:00:17]} Qxe5 {[%emt 0:00:08]} 15. Bh6 {[%emt 0:00:16]} Rd8 {[%emt 0:04:01]} 16. Qd2 {[%emt 0:00:34]} Nd7 {[%emt 0:10:04]} 17. Rae1 {[%emt 0:00:22]} Qc7 {[%emt 0:00:37]} 18. Rxf7 {[%emt 0:11:49]} Kxf7 {[%emt 0:08:27]} 19. Rxe6 {[%emt 0:00:09]} 1-0

[Event "10th LCC FIDE Open 2018"]
[Site "London"]
[Date "2018.12.09"]
[Round "1"]
[White "Bates, Richard A"]
[Black "Edwards, Simon R"]
[Result "1/2-1/2"]
[WhiteElo "2372"]
[BlackElo "1931"]
[Annotator "NA"]
[PlyCount "68"]
[EventDate "2018.12.09"]
[EventType "swiss"]
[EventCountry "ENG"]
[SourceTitle "playchess.com"]
[Source "ChessBase"]
[SourceQuality "1"]
[TimeControl "40/5400+30:1800+30"]

1. d4 {[%emt 0:00:00]} Nf6 {[%emt 0:00:00]} 2. Nf3 {[%emt 0:00:00]} c5 {[%emt 0:00:00]} 3. d5 {[%emt 0:00:00]} b5 {[%emt 0:00:37]} 4. Bg5 {[%emt 0:00:09]} Ne4 {[%emt 0:01:18]} 5. Bh4 {[%emt 0:05:52]} Bb7 {[%emt 0:01:11]} 6. Qd3 {[%emt 0:05:12]} f5 {[%emt 0:04:00]} 7. Nbd2 {[%emt 0:08:51]} c4 {[%emt 0:04:30]} 8. Qd4 {[%emt 0:01:34]} Na6 {[%emt 0:02:34]} 9. c3 {[%emt 0:29:51]} Nc7 {[%emt 0:03:27]} 10. Nxe4 {[%emt 0:03:17]} fxe4 {[%emt 0:00:05]} 11. Qxe4 {[%emt 0:04:16]} Nxd5 {[%emt 0:04:01]} 12. Qf5 {[%emt 0:04:29]} g6 {[%emt 0:04:42]} 13. Qc2 {[%emt 0:06:03]} Bg7 {[%emt 0:02:23]} 14. e4 {[%emt 0:02:15]} Nf6 {[%emt 0:02:14]} 15. Nd2 {[%emt 0:02:20]} O-O {[%emt 0:00:59]} 16. Be2 {[%emt 0:00:25]} Qb6 {[%emt 0:04:52]} 17. Bf3 {[%emt 0:04:35]} e6 {[%emt 0:01:59]} 18. O-O {[%emt 0:01:01]} d5 {[%emt 0:02:02]} 19. Rad1 {[%emt 0:04:12]} d4 {[%emt 0:08:32]} 20. cxd4 {[%emt 0:00:46]} Qxd4 {[%emt 0:00:06]} 21. Bxf6 {[%emt 0:06:11]} Qxf6 {[%emt 0:00:57]} 22. e5 {[%emt 0:00:14]} Qe7 {[%emt 0:00:34]} 23. Bxb7 {[%emt 0:00:48]} Qxb7 {[%emt 0:00:05]} 24. f4 {[%emt 0:01:28]} Qb6+ {[%emt 0:02:56]} 25. Kh1 {[%emt 0:00:10]} Rad8 {[%emt 0:01:31]} 26. Ne4 {[%emt 0:01:09]} Qe3 {[%emt 0:01:55]} 27. Rxd8 {[%emt 0:04:25]} Rxd8 {[%emt 0:00:10]} 28. Nd6 {[%emt 0:00:04]} a6 {[%emt 0:01:34]} 29. Qd1 {[%emt 0:01:42]} Bxe5 {[%emt 0:01:47]} 30. fxe5 {[%emt 0:00:21]} Qxe5 {[%emt 0:00:11]} 31. Qf3 {[%emt 0:00:29]} Qxd6 {[%emt 0:00:06]} 32. Qf7+ {[%emt 0:00:14]} Kh8 {[%emt 0:00:03]} 33. Qf6+ {[%emt 0:00:11]} Kg8 {[%emt 0:00:04]} 34. Qf7+ {[%emt 0:00:04]} Kh8 {[%emt 0:00:50]} 1/2-1/2